Дело о внесении в устав Дерптского университета правил наказания за участие в поединках и о предупреждении поединка между студен...

Доступно только в Электронных читальных залах Найти на картеНа карте
RUSMARC
00004431nmc2a2200000 x 450
0019b8471c5-6af8-406c-b7d9-d9f87e839fd4
00520170113173616.0
100##$a20140508l18191819k l0rusy0189 ca
1010#$arus
102##$aRU
2001#$aДело о внесении в устав Дерптского университета правил наказания за участие в поединках и о предупреждении поединка между студентами К.Х. Вагнером и А.Ю. фон Коцебу
$j23 сентября - 22 октября 1819 г.
251##$cДело
300##$aДело
300##$aОриг. заголовок дела: Дело по предоставлению попечителя Дерптского университета о вызове студентом Вагнером студента Коцебу на поединок; тут же о правилах в рассуждении наказаний вызывателей на поединок. 23 сентября 1819 г. - 22 октября 1819 г
801#0$aRU
$bРГИА
$c20140508
$gRCR
801#1$aRU
$bГлавНИВЦ
$c20140508
$2rusmarc
801#2$aRU
$bПБ им. Б.Н. Ельцина
$c20170113
$gRCR
$2rusmarc
850##$aРГИА
852##$aРГИА
$eФедеральное казенное учреждение "Российский государственный исторический архив" (РГИА)
$j249
937##$hРГИА
$d11168485
$aASBIBLIO_SCAN
462#0$10015faafd89-1df2-4e8f-a0ba-1d8a620713c6
$12001
$aДела Департамента народного просвещения по Дерптскому учебному округу за 1802-1836 гг.
$1251
$cОпись
$1852
$j56
461#0$1001a74412a3-3cc5-4d21-8f0a-dfe2fbd9e72d
$12001
$aДепартамент народного просвещения Министерства народного просвещения (1803-1917)
$1251
$cФонд
$1852
$j733
215##$a14 л.
$d36,5x26 см
371##$aДокумент не является опубликованным и широко распространяемым
105##$ay###
1222#$ad
5171#$aДело по предоставлению попечителя Дерптского университета о вызове студентом Вагнером студента Коцебу на поединок; тут же о правилах в рассуждении наказаний вызывателей на поединок. 23 сентября 1819 г. - 22 октября 1819 г
035##$a9b8471c5-6af8-406c-b7d9-d9f87e839fd4
856##$uhttp://readingroom.main.prlib.ru/item.aspx?id_node=n94280301&mode=full
Формат отображения